Meilleurs passeurs de Ligue 1 par saison depuis 2010-2011 - Statistiques

Statistiques générales
  • Ce quiz a été pris 1 550 fois
  • Le résultat moyen est 8 sur 12
Statistiques - réponses
Saison Club Joueur % Correct
2021-2022 PSG Kylian Mbappe
95%
2017-2018 PSG Neymar
86%
2019-2020 PSG Angel Di Maria
83%
2015-2016 PSG Angel di Maria
83%
2014-2015 OM Dimitri Payet
77%
2011-2012 LOSC Eden Hazard
71%
2018-2019 Nimes Téji Savanier
60%
2020-2021 OL Memphis Depay
53%
2013-2014 Monaco James Rodriguez
45%
2010-2011 Sochaux Marvin Martin
39%
2012-2013 OM Mathieu Valbuena
37%
2016-2017 Montpellier/OM Morgan Sanson
32%
Aucun quiz correspondant
Distribution des résultats
% des personnes avec chaque résultat
Percentile par nombre de réponses
Votre historique - résultats
Vous n’avez pas pris ce quiz